00926naa#a2200169#i#4500001001600000005001700016011001400033100004100047102000700088200019400095210028400289215001100573608004500584675005400629700005200683856002100735RU\\bibl\11947620260418154501.6##a2949-1258##a20260403b2026####ek#y0rusy0150####ca##aRU1#aКокутай в философско-правовой традиции Японии: история и современная интерпретацияeЖурнальная статья1#aВладивостокcФедеральное государственное бюджетное образовательное учреждение высшего образования "Владивостокский государственный университет"d2026##a15 с.##aЖурнальная статья2local##aПраво. Юридические науки. 34#1aМарковgСергей Михайлович4#avvgu.editorum.ru